Poincaré and the three body problem /
Guardado en:
| Autor Principal: | |
|---|---|
| Formato: | Libro |
| Idioma: | English |
| Publicado: |
Providence, R.I. : London :
American Mathematical Society ; London Mathematical Society,
c1997.
|
| Series: | History of mathematics,
v. 11 |
| Materias: | |
| Etiquetas: |
Agregar Etiqueta
Sin Etiquetas, Sea el primero en etiquetar este registro!
|
| LEADER | 00997cam a2200265 a 4500 | ||
|---|---|---|---|
| 001 | MAT.inmabb003339 | ||
| 008 | 960213s1997####riua#####b####001#0#eng## | ||
| 005 | 20130312110104.0 | ||
| 245 | 1 | 0 | |a Poincaré and the three body problem / |c June Barrow-Green. |
| 260 | |a Providence, R.I. : |b American Mathematical Society ; |a London : |b London Mathematical Society, |c c1997. | ||
| 300 | |a xv, 272 p. : |b il. ; |c 26 cm. | ||
| 440 | 0 | |a History of mathematics, |x 0899-2428 ; |v v. 11 | |
| 500 | |a Basado en la tesis (Ph.D.) del autor, 1993. | ||
| 500 | |a "Reprinted with corrections". | ||
| 504 | |a Incluye referencias bibliográficas (p. 249-266) e índice. | ||
| 510 | 4 | |a MR, |c 97g:01013 | |
| 020 | |a 0821803670 | ||
| 100 | 1 | |a Barrow-Green, June, |d 1953- | |
| 650 | 0 | |a Three-body problem. | |
| 650 | 0 | |a Hamiltonian systems. | |
| 600 | 1 | 0 | |a Poincaré, Henri, |d 1854-1912. |
| 084 | |a 01A55 (01A70 70-03 70F07) |2 msc2000 | ||
| 010 | |a 96011112 | ||
| 040 | |a DLC |c DLC |d DLC | ||
| 859 | |h 01A55 |i B278 |p A-7409 |b BIB. MATEMATICA | ||
